Suomen suurimmat kaupungit vuonna 1805 kartalla - Statistics

Yleistilastot
  • Tätä visaa on pelattu 259 kertaa
  • Keskiarvotulos 17 / 20
Vastaukset kartalla
Vastauksille on annettu kartalla punavihreä väri sen mukaan, kuinka moni on saanut sen oikein.
 
Vastaustilastot
Väkiluku Kaupunki % Oikein
4 237 Helsinki
100%
3 345 Oulu
100%
11 300 Turku
99%
2 510 Pori
96%
2 538 Waasa (Vaasa)
96%
602 Tampere
94%
819 Kuopio
91%
1 651 Rauma
90%
2 038 Porvoo
89%
1 689 Hämeenlinna
88%
666 Tornio
88%
1 710 Kokkola
84%
705 Naantali
80%
1 169 Raahenkaupunki (Raahe)
73%
2 709 Loviisa
72%
1 682 Uusikaupunki
72%
1 088 Pietarsaari
70%
1 152 Kristiinankaupunki
68%
1 260 Tammisaari
63%
765 Uusikaarlepyy
53%
Ehtoja vastaavia visoja ei löytynyt
Tulosjakauma
Jokaisen tuloksen saaneiden osuus
Persentiili vastausten määrän mukaan
Tuloshistoriasi
Et ole pelannut tätä visaa